Forces and fields ; the concept of action at a distance in the history of physics.

Bibliographic Details
Main Author: Hesse, Mary B.
Format: Book
Language:English
Published: Totowa, N.J. : Littlefield, Adams, 1965.
Subjects:

MARC

Tag First Indicator Second Indicator Subfields
LEADER 00000cam a2200000 i 4500
001 in00000037099
005 20151007070418.0
008 760826s1965 njua b 00100 eng d
035 |a (OCoLC)02398378 
035 |9 AAE3962AM 
040 |a BNG  |c BNG  |d TXA  |d UtOrBLW 
049 |a TXAM  |c [477229] 
082 0 |a 530.1/09 
090 |a QC7  |b .H62 1965 
092 |a 530.1  |b H587f, 1965 
100 1 |a Hesse, Mary B. 
245 1 0 |a Forces and fields ;  |b the concept of action at a distance in the history of physics. 
264 1 |a Totowa, N.J. :  |b Littlefield, Adams,  |c 1965. 
300 |a x, 318 pages :  |b illustrations ;  |c 25 cm. 
336 |a text  |b txt  |2 rdacontent 
337 |a unmediated  |b n  |2 rdamedia 
338 |a volume  |b nc  |2 rdacarrier 
504 |a Bibliography: pages 308-311. 
650 0 |a Physics  |x History. 
650 0 |a Physics  |x Philosophy. 
650 0 |a Force and energy. 
999 |a MARS 
999 f f |s 15e49efa-493c-354e-8b27-76be1ef8eae9  |i 16d37289-58c7-3146-9ff9-256972601564  |t 0 
952 f f |p normal  |a Texas A&M University  |b College Station  |c Sterling C. Evans Library  |d Evans: Library Stacks  |t 0  |e QC7 .H62 1965  |h Library of Congress classification  |i unmediated -- volume  |m A14800908433 
998 f f |a QC7 .H62 1965  |t 0  |l Evans: Library Stacks